000 04766nam0a2200481 4500
001 RU\NLR\BIBL_A\012903132
005 20230126160258.0
010 _a978-5-9215-0380-9
_9500
021 _aRU
_bКН-П-22-055294
_9КН-П-22-4795
035 _a(NLR Aleph) 012903132
035 _a(RuMoRGB)011182422
090 _a12588114
_c12588114
100 _a20221005d2014 k y0rusy50 ca
101 0 _arus
_aeng
102 _aRU
105 _aa zj 000zy
181 0 _ai
_baxxe
182 0 _an
200 1 _aРазработка квалификационных рамок для землеустройства
_dElaboration of qualification frameworks for land management
_eаналитический обзор
_eинформационно-методические материалы, предназначенные для использования профессорско-преподавательским составом и администрацией вузов, реализующих образовательные программы высшего профессионального образования в области землеустройства и кадастров
_fЕ. М. Чепурин, профессор, кандидат экономических наук, А. А. Мурашева, профессор, доктор экономических наук, Стефан Игнар, профессор Варшавского университета наук о жизни (Польша) [и др.]
_gco-funded by the Tempus programme of the European Union, Проект Tempus IV 530690-TEMPUS-1-2012-1-PL-TEMPUS-SMHES "Разработка квалификационных рамок для землеустройства в Российских университетах ELFRUS"
_zeng
203 _aТекст
_bвизуальный
_cнепосредственный
210 _aМосква
_cредакционно-издательский отдел ГУЗ
_d2014
215 _a112 с.
_cил., табл.
_d20
225 1 _aСерия "Методические пособия и информационные материалы"
_dSeries "Methodical manuals and information materials"
_vвып. 1
_zeng
300 _aАвт. указаны на обороте тит. с.
300 _aЧасть текста парал.: рус., англ.
320 _aБиблиогр.: с. 109-110 (20 назв.)
330 _aАналитический обзор "Разработка квалификационных рамок для землеустройства" является первой (Выпуск 1) из трех брошюр в серии: "Методические пособия и информационные материалы", предназначенной для преподавателей и сотрудников вузов, осуществляющих подготовку специалистов в области землеустройства и кадастров. В нем рассматриваются актуальные вопросы разработки квалификационных рамок, анализируются пути, документы, опыт разработок и предлагаются рекомендации по их разработке. Обзор может быть рекомендован в качестве учебного пособия для преподавателей, студентов и разработчиков
510 1 _aElaboration of qualification frameworks for land management
_zeng
606 1 _aВысшее образование
_xРамки квалификаций
_xСоставление
_yРоссийская Федерация
_jРуководства, пособия и т.п
_2nlr_sh2
_3RU\NLR\AUTH\6601593080
606 1 _aЗемлеустройство
_xКадры
_xПодготовка
_jРуководства, пособия и т.п
_2nlr_sh1
_2nlr_sh2
_3RU\NLR\AUTH\661323745
675 _a332.3(075.8)
_v4
686 1 _aЧ484(2Р)п2я7
686 1 _aЧ488.84(2Р)я7
701 1 _aЧепурин
_bЕ. М.
_gЕвгений Михайлович
701 1 _aМурашева
_bА. А.
_gАлла Андреевна
701 1 _aИгнар
_bС.
_gСтефан
712 0 2 _a"Разработка квалификационных рамок для землеустройства в российских университетах ELFRUS", проект Темпус IV 530690-TEMPUS-1-2012-1-PL-TEMPUS-SMHES
_3RU\NLR\AUTH\880397428
_4570
942 _cBOOK
980 _aNBR
980 _aNB